[Event "IECC Swiss email"]
[Site "IECC email"]
[Date "2001.10.08"]
[Round "?"]
[White "Pedersen, Morten P"]
[Black "McLeod, Sylvester"]
[Result "0-1"]
[WhiteElo "1458"]
[BlackElo "2028"]
[PlyCount "74"]
[EventDate "2001.??.??"]
[EventType "tourn (corr)"]
[EventRounds "6"]
[SourceTitle "Corr 2008"]
[Source "ChessBase"]
[SourceDate "2008.06.24"]
[SourceVersion "1"]
[SourceVersionDate "2008.06.24"]
[SourceQuality "1"]

1. d4 f5 2. g3 Nf6 3. Bg2 g6 4. Nf3 Bg7 5. c4 0-0 6. 0-0 d6 7. Nc3 Qe8 8. b3 e5 9. dxe5 dxe5 10. e4 Nc6 11. Nd5 Qd7 12. Ba3 Rd8 13. Qc2 Nxe4 14. Rad1 Nd4 15. Nxd4 exd4 16. Bxe4 fxe4 17. Qxe4 Qf7 18. Ne7+ Kh8 19. Nxc8 Raxc8 20. Qxb7 Rb8 21. Qe4 Re8 22. Qd3 Rbd8 23. Bc5 Kg8 24. Bxa7 Qf8 25. Rfe1 Rxe1+ 26. Rxe1 Qa3 27. Bxd4 Bxd4 28. Qe2 Rf8 29. Qe6+ Kh8 30. Re2 Qa8 31. Rd2 c5 32. Qd5 Qa5 33. Re2 Rxf2 34. Rxf2 Qe1+ 35. Kg2 Qxf2+ 36. Kh3 h5 37. g4 Qe3+ 0-1

[Event "IECC TH-T email"]
[Site "IECC email"]
[Date "2001.09.10"]
[Round "?"]
[White "Pedersen, Morten P"]
[Black "Berkley, Stephen W"]
[Result "1/2-1/2"]
[WhiteElo "1466"]
[BlackElo "1799"]
[PlyCount "49"]
[EventDate "2001.??.??"]
[EventType "match (corr)"]
[EventRounds "2"]
[SourceTitle "Corr 2008"]
[Source "ChessBase"]
[SourceDate "2008.06.24"]
[SourceVersion "1"]
[SourceVersionDate "2008.06.24"]
[SourceQuality "1"]

1. d4 Nf6 2. c4 c5 3. d5 b5 4. cxb5 a6 5. b6 g6 6. Nc3 Bg7 7. e4 d6 8. Nf3 Nbd7 9. a4 a5 10. Bb5 0-0 11. 0-0 Nxb6 12. h3 e6 13. dxe6 Bxe6 14. Bg5 h6 15. Bh4 g5 16. Bg3 d5 17. Bc6 Ra7 18. Be5 Nxe4 19. Nxe4 dxe4 20. Bxe4 f5 21. Bc2 Rd7 22. Bxg7 Rxd1 23. Raxd1 Kxg7 24. Rxd8 Rxd8 25. Rd1 1/2-1/2

[Event "IECC KO email"]
[Site "IECC email"]
[Date "2001.03.27"]
[Round "?"]
[White "Hill, John"]
[Black "Pedersen, Morten P"]
[Result "0-1"]
[WhiteElo "1528"]
[BlackElo "1437"]
[PlyCount "130"]
[EventDate "2001.??.??"]
[EventType "tourn (corr)"]
[EventRounds "6"]
[SourceTitle "Corr 2008"]
[Source "ChessBase"]
[SourceDate "2008.06.24"]
[SourceVersion "1"]
[SourceVersionDate "2008.06.24"]
[SourceQuality "1"]

1. e4 c5 2. Nf3 Nc6 3. d4 cxd4 4. Nxd4 Nf6 5. Nc3 e6 6. Bg5 h6 7. Bh4 Bb4 8. Qd3 Bxc3+ 9. bxc3 g5 10. Bg3 Qa5 11. Nxc6 dxc6 12. Qd4 Qd8 13. Qxd8+ Kxd8 14. Be5 Ke7 15. Rb1 Rd8 16. Bd3 b6 17. 0-0 c5 18. f4 Ng4 19. h3 Nxe5 20. fxe5 Bd7 21. Rf6 Rh8 22. Rbf1 Rh7 23. Be2 Bc6 24. Bd3 b5 25. c4 bxc4 26. Bxc4 Bxe4 27. Bd3 Bxd3 28. cxd3 Rd8 29. R1f3 Rd5 30. Re3 Rxe5 31. Rxe5 Kxf6 32. Rxc5 Rh8 33. Kf2 Rb8 34. Rc2 h5 35. Ke3 Rb5 36. d4 a5 37. g4 hxg4 38. hxg4 e5 39. Rc6+ Ke7 40. dxe5 Rxe5+ 41. Kf3 Rb5 42. Ke4 Rb2 43. Kf5 Rxa2 44. Kxg5 Ra1 45. Ra6 a4 46. Ra7+ Ke6 47. Ra6+ Ke7 48. Ra7+ Ke8 49. Ra8+ Ke7 50. Ra7+ Kf8 51. Ra8+ Kg7 52. Ra7 a3 53. Ra6 a2 54. Ra7 Kg8 55. Ra8+ Kh7 56. Ra7 Kg7 57. Ra6 f6+ 58. Rxf6 Rh1 59. Rg6+ Kh7 60. Ra6 a1Q 61. Rxa1 Rxa1 62. Kf6 Rg1 63. g5 Rg2 64. Kf5 Kg7 65. Kf4 Kg6 0-1

[Event "IECC KO email"]
[Site "IECC email"]
[Date "2001.03.27"]
[Round "?"]
[White "Pedersen, Morten P"]
[Black "Hill, John"]
[Result "0-1"]
[WhiteElo "1444"]
[BlackElo "1515"]
[PlyCount "30"]
[EventDate "2001.??.??"]
[EventType "tourn (corr)"]
[EventRounds "6"]
[SourceTitle "Corr 2008"]
[Source "ChessBase"]
[SourceDate "2008.06.24"]
[SourceVersion "1"]
[SourceVersionDate "2008.06.24"]
[SourceQuality "1"]

1. d4 d5 2. c4 e6 3. Nc3 Nf6 4. Bg5 Nbd7 5. e3 c6 6. Nf3 Qa5 7. a3 Ne4 8. c5 Nxc3 9. b4 Nxd1 10. bxa5 Nc3 11. Rc1 Ne4 12. Bf4 b6 13. cxb6 axb6 14. axb6 Bxa3 15. Rb1 Bb4+ 0-1

[Event "IECC Swiss email"]
[Site "IECC email"]
[Date "2000.12.10"]
[Round "?"]
[White "Kulczycki, Michael"]
[Black "Pedersen, Morten P"]
[Result "1-0"]
[WhiteElo "1973"]
[BlackElo "1412"]
[PlyCount "55"]
[EventDate "2000.??.??"]
[EventType "tourn (corr)"]
[EventRounds "6"]
[SourceTitle "Corr 2008"]
[Source "ChessBase"]
[SourceDate "2008.06.24"]
[SourceVersion "1"]
[SourceVersionDate "2008.06.24"]
[SourceQuality "1"]

1. d4 f5 2. g3 Nf6 3. Bg2 g6 4. Nf3 Bg7 5. 0-0 0-0 6. b3 d6 7. Bb2 Qe8 8. c4 h6 9. Nbd2 g5 10. Qc2 Qh5 11. e3 c6 12. b4 d5 13. Ne5 dxc4 14. Qxc4+ e6 15. b5 Nd5 16. bxc6 Bxe5 17. cxb7 Bxg3 18. fxg3 Bxb7 19. Qb3 Bc6 20. Rac1 Qf7 21. e4 Ne7 22. Nc4 Qe8 23. Qc3 Bd5 24. exd5 Nxd5 25. Qb3 Qd8 26. Rfe1 Nc6 27. Rxe6 Nxd4 28. Bxd4 1-0